| 000 | 00526na a2200205 4500 | ||
|---|---|---|---|
| 001 | 22295 | ||
| 003 | MIRAKIL | ||
| 005 | 20181213154854.0 | ||
| 008 | 170213b tu 000 0 | ||
| 020 | _a9789750178733 | ||
| 040 |
_aMilas _btur _cTR-AnCHP |
||
| 041 | _atur | ||
| 082 |
_a956.1 _bB37 2009 |
||
| 090 | _a956.1 B37 2009 | ||
| 245 |
_aBest Of Turkey _ceditör: Cesi Mizrahi |
||
| 260 |
_aİstanbul _bVodofone _c2009 |
||
| 300 |
_a251 s. _bfotg. _c26 sm. |
||
| 650 |
_aTürkiye _xTurizm _yKlavuzlar |
||
| 942 |
_2ddc _cBKS |
||
| 999 |
_c2346 _d2346 |
||